[Event "IND-ch (Women) 33rd"]
[Site "Chennai"]
[Date "2006.12.10"]
[Round "5"]
[White "Pon, Namasivayam Krithik"]
[Black "Nilavoli, Hariharan"]
[Result "0-1"]
[WhiteElo "2031"]
[BlackElo "2017"]
[PlyCount "124"]
[EventDate "2006.12.07"]
[EventType "swiss"]
[EventRounds "11"]
[EventCountry "IND"]
[SourceTitle "EXT 2010"]
[Source "ChessBase"]
[SourceDate "2010.11.25"]
[SourceVersion "1"]
[SourceVersionDate "2010.11.25"]
[SourceQuality "1"]

1. e4 c5 2. Nf3 e6 3. d4 cxd4 4. Nxd4 Nc6 5. Nc3 a6 6. Be3 Qc7 7. a3 Nf6 8. Bd3 Be7 9. 0-0 0-0 10. Kh1 d6 11. f4 b5 12. Qe2 Bb7 13. Rf3 Nxd4 14. Bxd4 e5 15. Be3 Ng4 16. Rh3 Nxe3 17. Qxe3 Bf6 18. Nd5 Qd8 19. Qf3 Bc8 20. f5 Bb7 21. Ne3 Bg5 22. Qh5 h6 23. Ng4 f6 24. Qg6 Kh8 25. Rf1 Qe7 26. c3 Bc6 27. Nxh6 gxh6 28. Qh5 d5 29. Qe2 dxe4 30. Bxe4 Bxe4 31. Qxe4 Rad8 32. Rhf3 h5 33. Rh3 Qf7 34. Qe2 h4 35. Rd3 Rxd3 36. Qxd3 Qc4 37. Qd1 Kg7 38. Qd7+ Rf7 39. Qd1 Kh6 40. Re1 Qc7 41. Qd5 Qb7 42. Qb3 Kg7 43. Qd1 Qd7 44. Qg4 Qd2 45. Rf1 Qd3 46. Rd1 Qc2 47. h3 Kh6 48. Kg1 Rg7 49. Kf1 Qxb2 50. Rd8 Qa1+ 51. Ke2 Qa2+ 52. Kf3 Qf7 53. Rh8+ Rh7 54. Rd8 Qh5 55. Rg8 Qxg4+ 56. Kxg4 Rc7 57. Rh8+ Kg7 58. Ra8 Rxc3 59. Kh5 Rxa3 60. Kg4 b4 61. Rb8 a5 62. Rb5 Kh6 0-1

[Event "Asia-ch U20 Girls 26th"]
[Site "Negombo"]
[Date "2003.07.24"]
[Round "8"]
[White "Nilavoli, Hariharan"]
[Black "Nadig, Kruttika"]
[Result "0-1"]
[WhiteElo "2111"]
[BlackElo "2145"]
[PlyCount "117"]
[EventDate "2003.07.18"]
[EventType "swiss"]
[EventRounds "10"]
[EventCountry "SRI"]
[SourceTitle "CBM 095 Extra"]
[Source "ChessBase"]
[SourceDate "2003.09.04"]
[SourceVersion "1"]
[SourceVersionDate "2003.09.04"]
[SourceQuality "1"]

1. e4 e5 2. Bc4 Nf6 3. d3 Nc6 4. Nf3 Be7 5. c3 0-0 6. Bb3 d5 7. Nbd2 a5 8. 0-0 dxe4 9. dxe4 Bc5 10. Re1 Qe7 11. Nf1 Be6 12. Bc2 Bc4 13. Be3 b5 14. Nh4 Bxe3 15. Nxe3 Be6 16. Nhf5 Qc5 17. Qf3 Kh8 18. Ng4 Nxg4 19. Qxg4 g6 20. Qg5 f6 21. Qe3 Qxe3 22. Nxe3 Rfd8 23. Red1 Ne7 24. a3 Kg7 25. f3 f5 26. Kf2 f4 27. Nf1 c5 28. Rxd8 Rxd8 29. Rd1 Rb8 30. Rd6 Kf7 31. Ra6 b4 32. Rxa5 bxa3 33. b3 Bxb3 34. Bxb3+ Rxb3 35. Ke2 Rb2+ 36. Nd2 a2 37. Kd3 Nc6 38. Ra6 Ke7 39. g4 Kd7 40. h4 Kc7 41. h5 gxh5 42. gxh5 Kb7 43. Ra4 h6 44. Ra3 c4+ 45. Nxc4 Nb4+ 46. cxb4 Rb3+ 47. Rxb3 a1Q 48. Nd2 Qd4+ 49. Kc2 Qd7 50. Nc4 Qh3 51. Nxe5 Qxh5 52. Ng4 Qg6 53. Nxh6 Qxh6 54. Rc3 Qe6 55. Rc5 Qa2+ 56. Kd3 Qb3+ 57. Kd4 Qxf3 58. Rf5 Qe3+ 59. Kd5 0-1

[Event "Wch U20 Girls 19th"]
[Site "Goa"]
[Date "2002.12.16"]
[Round "9"]
[White "Trujillo Delgado, Dafnae Lorena"]
[Black "Nilavoli, Hariharan"]
[Result "1-0"]
[WhiteElo "2036"]
[BlackElo "2064"]
[PlyCount "109"]
[EventDate "2002.12.09"]
[EventType "swiss"]
[EventRounds "13"]
[EventCountry "IND"]
[SourceTitle "CBM 091 Extra"]
[Source "ChessBase"]
[SourceDate "2003.01.09"]
[SourceVersion "1"]
[SourceVersionDate "2003.01.09"]
[SourceQuality "1"]

1. e4 c5 2. Nf3 e6 3. d4 cxd4 4. Nxd4 Nc6 5. Nc3 a6 6. a3 Qc7 7. Be2 Nf6 8. Be3 Be7 9. 0-0 d6 10. f4 0-0 11. Kh1 Bd7 12. Nb3 b5 13. Bf3 Rab8 14. g4 Bc8 15. g5 Nd7 16. Bg2 Bb7 17. Rf3 f5 18. Rh3 g6 19. Qe1 Nd8 20. Bd4 e5 21. Nd5 Bxd5 22. exd5 Bxg5 23. fxg5 exd4 24. Qh4 Ne5 25. Nxd4 Rf7 26. Re1 Qd7 27. b3 Rc8 28. Qf4 Rg7 29. Rhe3 Qb7 30. h4 Rd7 31. R1e2 Rdc7 32. Ne6 Re7 33. Qb4 Qd7 34. Rd2 Ndf7 35. Qf4 Nd8 36. Rh3 Qe8 37. h5 Qf7 38. Qb4 Nb7 39. Re2 Nc5 40. Rxe5 dxe5 41. Nxc5 e4 42. d6 Re5 43. d7 Rd8 44. hxg6 hxg6 45. Qa5 Qe7 46. b4 e3 47. Nd3 e2 48. Ne1 Qxg5 49. Qc7 Qe7 50. Bc6 Rf8 51. Kg2 Rc5 52. bxc5 f4 53. Bd5+ Kg7 54. d8Q f3+ 55. Rxf3 1-0

[Event "Wch U20 Girls 19th"]
[Site "Goa"]
[Date "2002.12.13"]
[Round "7"]
[White "Jackova, Jana"]
[Black "Nilavoli, Hariharan"]
[Result "1-0"]
[WhiteElo "2361"]
[BlackElo "2064"]
[PlyCount "77"]
[EventDate "2002.12.09"]
[EventType "swiss"]
[EventRounds "13"]
[EventCountry "IND"]
[SourceTitle "CBM 091 Extra"]
[Source "ChessBase"]
[SourceDate "2003.01.09"]
[SourceVersion "1"]
[SourceVersionDate "2003.01.09"]
[SourceQuality "1"]

1. e4 c5 2. Nf3 e6 3. b3 d6 4. Bb2 Nf6 5. Bb5+ Bd7 6. Bxd7+ Nbxd7 7. Qe2 Be7 8. 0-0 0-0 9. c4 Qc7 10. Nc3 Ne5 11. Rad1 a6 12. d4 Nxf3+ 13. Qxf3 Nd7 14. Qg3 cxd4 15. Rxd4 Rfd8 16. Rd3 Ne5 17. Re3 Bf8 18. f4 Nc6 19. Kh1 Qd7 20. Qh4 b5 21. Rh3 h6 22. Qg3 Kh7 23. Qg4 bxc4 24. Na4 e5 25. Qxd7 Rxd7 26. Nb6 Raa7 27. Nxd7 Rxd7 28. bxc4 Na5 29. Rc1 exf4 30. Rd3 Rb7 31. Ba3 Rb6 32. e5 Nb7 33. exd6 Bxd6 34. Bxd6 Rxd6 35. Rxd6 Nxd6 36. c5 Nc8 37. c6 Kg6 38. c7 Kf5 39. Rd1 1-0

[Event "Wch U20 Girls 19th"]
[Site "Goa"]
[Date "2002.12.12"]
[Round "6"]
[White "Vinuthna, N."]
[Black "Nilavoli, Hariharan"]
[Result "1-0"]
[WhiteElo "2089"]
[BlackElo "2064"]
[PlyCount "131"]
[EventDate "2002.12.09"]
[EventType "swiss"]
[EventRounds "13"]
[EventCountry "IND"]
[SourceTitle "CBM 091 Extra"]
[Source "ChessBase"]
[SourceDate "2003.01.09"]
[SourceVersion "1"]
[SourceVersionDate "2003.01.09"]
[SourceQuality "1"]

1. e4 c5 2. Nf3 e6 3. d3 d5 4. Nbd2 Nc6 5. g3 Nf6 6. Bg2 Be7 7. 0-0 b6 8. Re1 Bb7 9. c3 Qc7 10. e5 Nd7 11. Nf1 Ndxe5 12. Nxe5 Nxe5 13. Bf4 Bd6 14. Bxe5 Bxe5 15. Qh5 Bd6 16. Rxe6+ Kf8 17. Re2 g6 18. Qh6+ Kg8 19. Rae1 Qd7 20. Ne3 Bf8 21. Qf4 h5 22. c4 dxc4 23. Bxb7 Qxb7 24. dxc4 Bh6 25. Qf6 Bg7 26. Qh4 Bd4 27. Nd5 Kg7 28. Re7 Qc8 29. Nc7 Bf6 30. Qf4 Bxe7 31. Rxe7 Qf5 32. Qxf5 gxf5 33. Nxa8 Rxa8 34. Kg2 a6 35. Rb7 b5 36. cxb5 axb5 37. a3 Ra5 38. Rb6 c4 39. Rc6 Ra8 40. Rc5 Rb8 41. Kf3 b4 42. Rxc4 bxa3 43. bxa3 Rb3+ 44. Kf4 Kg6 45. a4 f6 46. h3 Ra3 47. f3 Rb3 48. g4 fxg4 49. fxg4 Ra3 50. Ke4 Kg5 51. Kd5 f5 52. gxf5 Kxf5 53. Rd4 Ra1 54. Kd6 Kf6 55. Rf4+ Kg5 56. Re4 Kf6 57. Kc5 Kf5 58. Rb4 Ke5 59. Kb6 Kd6 60. a5 Rg1 61. a6 Rg8 62. a7 Kd5 63. Kb7 Kc5 64. Rb6 Rg7+ 65. Ka6 Rg2 66. Rb5+ 1-0

[Event "Wch U20 Girls 19th"]
[Site "Goa"]
[Date "2002.12.09"]
[Round "1"]
[White "Nilavoli, Hariharan"]
[Black "Zigangirova, Sofya"]
[Result "0-1"]
[WhiteElo "2064"]
[BlackElo "2241"]
[PlyCount "120"]
[EventDate "2002.12.09"]
[EventType "swiss"]
[EventRounds "13"]
[EventCountry "IND"]
[SourceTitle "CBM 091 Extra"]
[Source "ChessBase"]
[SourceDate "2003.01.09"]
[SourceVersion "1"]
[SourceVersionDate "2003.01.09"]
[SourceQuality "1"]

1. e4 c5 2. Nf3 e6 3. d3 Nc6 4. Nbd2 d6 5. g3 g6 6. Bg2 Bg7 7. 0-0 Nge7 8. Ne1 0-0 9. f4 Rb8 10. Ndf3 b5 11. c3 b4 12. d4 bxc3 13. bxc3 cxd4 14. cxd4 Qb6 15. Nc2 Ba6 16. Re1 Na5 17. Be3 d5 18. e5 Nc4 19. Bf1 Rfc8 20. Bf2 Qa5 21. Ne3 Rb2 22. Nxc4 Bxc4 23. Bxc4 dxc4 24. Re2 c3 25. Be1 Qd5 26. Kf2 c2 27. Qc1 Rxa2 28. Rxa2 Qxa2 29. Bb4 Qb1 30. Ba3 Rc3 31. Nd2 Qxc1 32. Bxc1 Nf5 33. Nf3 h5 34. Rd2 Bf8 35. h3 Bb4 36. Re2 a5 37. g4 hxg4 38. hxg4 Nh6 39. Ne1 Nxg4+ 40. Kg2 Ne3+ 41. Kf2 Nd1+ 42. Kf1 a4 43. Nxc2 a3 44. Nxb4 Rxc1 45. Na2 Ra1 46. Kg2 Rb1 47. Kf3 Rb2 48. Re1 Rxa2 49. Rxd1 Rb2 50. Rc1 a2 51. Rc8+ Kg7 52. Ra8 Rc2 53. Ra7 Kh6 54. Kg4 Rd2 55. Kf3 Kg7 56. Ra8 Rb2 57. Ke4 Rg2 58. d5 exd5+ 59. Kxd5 Rg4 60. Ke4 g5 0-1